RICS global distressed property monitor (Record no. 112617)
[ view plain ]
| 000 -LEADER | |
|---|---|
| fixed length control field | 01449cad a22002295a 4500 |
| 001 - CONTROL NUMBER | |
| control field | L153620 |
| 008 - FIXED-LENGTH DATA ELEMENTS--GENERAL INFORMATION | |
| fixed length control field | 110810s2011 xxk 000 0 eng d |
| 035 ## - SYSTEM CONTROL NUMBER | |
| System control number | (Sirsi) u153620 |
| 041 0# - LANGUAGE CODE | |
| Language code of text/sound track or separate title | eng |
| 050 04 - LIBRARY OF CONGRESS CALL NUMBER | |
| Classification number | 333.33 $2 18 |
| 110 2# - MAIN ENTRY--CORPORATE NAME | |
| Corporate name or jurisdiction name as entry element | Royal Institution of Chartered Surveyors |
| Subordinate unit | Economics |
| 9 (RLIN) | 5033 |
| 245 00 - TITLE STATEMENT | |
| Title | RICS global distressed property monitor |
| Remainder of title | Q1 2011 |
| Medium | [electronic resource] |
| 260 ## - PUBLICATION, DISTRIBUTION, ETC. | |
| Place of publication, distribution, etc. | London |
| Name of publisher, distributor, etc. | RICS |
| Date of publication, distribution, etc. | 2011 |
| 490 #0 - SERIES STATEMENT | |
| Series statement | RICS Global Distressed Property Monitor |
| Volume/sequential designation | Q1 2011 |
| 520 ## - SUMMARY, ETC. | |
| Summary, etc. | Global economic recovery poses new risks. Distressed property continues to rise globally but the pace has tempered. Global recession risks have been replaced by global interest rate risks. Expectations for distressed property listings in Q2 2011 rise at a faster pace in Ireland, Spain and Hungary. The Q1 2011 monitor shows that although the level of distressed property coming to market is continuing to increase, the pace at which it is doing so is tempering. Countries where distressed property coming to market fell at the fastest pace were Poland, Russia, Canada and Brazil. |
| 590 ## - LOCAL NOTE (RLIN) | |
| Local note | KA |
| 651 #4 - SUBJECT ADDED ENTRY--GEOGRAPHIC NAME | |
| Geographic name | International |
| 690 ## - LOCAL SUBJECT ADDED ENTRY--TOPICAL TERM (OCLC, RLIN) | |
| Topical term or geographic name as entry element | PROPERTY-COMMERCIAL PROPERTY-COMMERCIAL PROPERTY FINANCE AND INVESTMENT |
| 690 ## - LOCAL SUBJECT ADDED ENTRY--TOPICAL TERM (OCLC, RLIN) | |
| Topical term or geographic name as entry element | PROPERTY-COMMERCIAL PROPERTY-COMMERCIAL PROPERTY MARKET |
| 856 40 - ELECTRONIC LOCATION AND ACCESS | |
| Uniform Resource Identifier | <a href="https://www.rics.org/site/download_feed.aspx?fileID=9734&fileExtension=PDF">https://www.rics.org/site/download_feed.aspx?fileID=9734&fileExtension=PDF</a> |
| Public note | View the document free of charge (pdf file) at www.rics.org |
| 942 ## - ADDED ENTRY ELEMENTS (KOHA) | |
| Suppress in OPAC | 0 |
| Withdrawn status | Lost status | Source of classification or shelving scheme | Damaged status | Not for loan | Home library | Current library | Shelving location | Date acquired | Total Checkouts | Full call number | Barcode | Date last seen | Copy number | Price effective from | Koha item type |
|---|---|---|---|---|---|---|---|---|---|---|---|---|---|---|---|
| Dewey Decimal Classification | Virtual | Virtual | Online | 10/08/2011 | ONLINE PUBLICATION | 153620-2001 | 06/08/2019 | 1 | 06/08/2019 | Book |